000 00878nam a2200181Ia 4500
008 100921s9999 xx 000 0 und d
082 _b43204
_a920.72 न 09
100 _aगवाणकर वीणा.
245 _aरोजलिंड फ्रँकलिन-द डार्क लेडी ऑफ डीएनए.
260 _bराजहंस प्रकाशन, पुणे.
_c2009
300 _a144
_bकलाभारती वितरण,पुणे
365 _b130
520 _aचरित्रे-स्त्रयिा.
630 _aरोजलिंड फ्रँकलिन-द डार्क लेडी ऑफ डीएनए.
650 _aचरित्रे-स्त्रयिा.
730 _aरोजलिंड फ्रँकलिन-द डार्क लेडी ऑफ डीएनए.
942 _cBOOK
999 _c792317
_d792314